| 000 | 00429nam a22001577a 4500 | ||
|---|---|---|---|
| 005 | 20231217234057.0 | ||
| 008 | 231208b |||||||| |||| 00| 0 eng d | ||
| 020 | _a185305092x | ||
| 082 |
_222 _a305.4. _bAug. |
||
| 100 | _aBebel, august. | ||
| 245 |
_aWoman in the past, Present and future. _cWilliam Reeves. |
||
| 260 |
_aLondon., _bZuwan Publications. _c1988. |
||
| 300 | _axxiv. 264. | ||
| 650 | _aSocial Conditions. | ||
| 942 | _cL | ||
| 999 |
_c162 _d162 |
||